| 000 | 00764nam a22002057a 4500 | ||
|---|---|---|---|
| 999 |
_c18589 _d18589 |
||
| 003 | AR-CdUCM | ||
| 008 | 190514b ||||| |||| 00| 0 spa d | ||
| 040 |
_aMUNICIPALIDAD PROVINCIAL DEL CUSCO _cBIBLIOTECA MUNICIPAL DEL CUSCO |
||
| 082 |
_a641.3 / _bSO66 |
||
| 100 |
_aSolorio P., Fortunata _939260 |
||
| 245 | _aEnfoques sobre alimentación andina / | ||
| 260 |
_aPuno : _bCepia, _c1992. |
||
| 300 |
_a147 paginas ; _bIlustraciones, graficos, dibujos, _c21 cm. |
||
| 505 | _aContenido: Enfoques sobre alimentación andina -- Evaluación de recursos alimentarios en comunidades campesinas de juliaca | ||
| 650 |
_aRecursos _939 |
||
| 650 |
_aAlimentarios _939261 |
||
| 700 |
_aSolar, Maria Elena del _939262 |
||
| 942 |
_2ddc _cLIBROS |
||
| 945 |
_apjha _d2019-05-14 |
||